osu! Top 100 Players (02.09.2023) - Statistics

General Stats
  • This quiz has been taken 184 times
    125 since last reset
  • The average score is 27 of 100
Answer Stats
Rank Country Answer % Correct
#1 Australia mrekk
98%
#2 Indonesia lifeline
90%
#3 United Kingdom Akolibed
78%
#11 Germany BlackDog5
75%
#4 Norway ninerik
71%
#5 Russian Federation Chicony
70%
#7 Russian Federation NyanPotato
66%
#9 Canada aetrna
64%
#6 Poland gnahus
62%
#15 Chile Mathi
60%
#8 New Zealand Zoomer
60%
#10 Malaysia shimon
58%
#16 Canada rayuii
55%
#22 Peru Arnold24x24
53%
#17 Poland maliszewski
52%
#12 United States Utami
52%
#31 Canada xootynator
51%
#29 Canada Zylice
49%
#18 Australia ASecretBox
48%
#27 Japan kirby_fella1115
45%
#26 South Korea mx10001
45%
#28 Poland Rafis
45%
#19 United States sytho
44%
#20 Philippines enri
42%
#24 Chile Intercambing
41%
#14 United States Flaro
40%
#13 United States WindowLife
39%
#25 United States Vaxei
38%
#50 Qatar epic gaming
35%
#41 Japan Varvalian
35%
#36 South Korea chocomint
33%
#45 Hong Kong mcy4
33%
#23 United States Rektygon
32%
#34 Brazil MINHOCA LOKA
31%
#32 Philippines C6 Venti
29%
#42 Portugal AlertedDragon
28%
#39 United Kingdom Plasma
28%
#35 United Kingdom rudj
28%
#40 Canada Rupertion
28%
#37 Netherlands luciano
25%
#52 Poland Mastasz
25%
#59 Romania etn
24%
#54 Germany Umbre
24%
#64 Sweden Reedkatt
23%
#21 United States ciru
22%
#58 South Korea FlyingTuna
22%
#30 United States Freddie Benson
22%
#48 Poland kasiabarwicka
22%
#63 Turkey Raikouhou
21%
#44 Spain zZ CreatorGD Zz
21%
#92 Romania badeu
20%
#33 South Korea LpBj3NoP7odrgHT
19%
#86 Ukraine dench
18%
#75 Austria Micca
18%
#55 Romania nanoya
18%
#43 Australia Zaqqy
18%
#66 Sweden Andros
17%
#47 Spain kazamabc
17%
#100 Taiwan _Slow
17%
#38 United States Aricin
16%
#61 Thailand InBefore
16%
#56 United Kingdom Spare
16%
#46 Russian Federation VoProSSoFF
16%
#73 Uruguay -PloX
14%
#76 Hong Kong A21
13%
#84 Indonesia Stixe
12%
#51 Russian Federation Apostol
11%
#78 Singapore Demonical
11%
#49 South Korea mx10002
11%
#71 Germany okinamo
11%
#57 Brazil Kurumiw
10%
#65 Russian Federation Welter
10%
#87 South Korea worst hr player
10%
#53 Australia Dereban
9%
#67 Spain Lolu
9%
#60 South Korea mx10003
9%
#95 Germany aimbotcone
8%
#81 Russian Federation gamer228666
8%
#97 United Kingdom Karthy
8%
#82 Canada nick1324
8%
#88 Poland Vamhi
8%
#62 Germany akarinya
7%
#70 Germany yary
7%
#94 Thailand [ Freeze ]
6%
#98 Germany NaPiii_
6%
#72 Brazil NoSin
6%
#99 New Zealand Saiyku
6%
#83 United States idke
5%
#85 Australia jixxi
5%
#77 United States Librarian
5%
#91 Japan POP ART TOWN
5%
#93 Canada Tsfury
5%
#96 Hong Kong Tsuwagi
5%
#69 United States Reused
4%
#74 United States wudci
4%
#68 United States Bunnylikemoney
3%
#80 United States NormanFriedRice
3%
#90 United States Paraqeet
3%
#89 South Korea sakuraskip
3%
#79 United States ur cute
2%
No matching quizzes found
Score Distribution
Percent of People with Each Score
Percentile by Number Answered
Your Score History
You have not taken this quiz since the last reset